000
00262nam a2200121Ia 4500
100
_a
#N/A
650
_a
Computer/ IT
942
_c
BK
654
_a
microsoft
245
_a
Intelligence builder V. 3. intense learning
260
_b
#N/A
_c
2007
546
_a
ENGLISH
999
_c
29499
_d
29499